Sobre el pintor Manuel Colmeiro / (Record no. 189484)

MARC details
000 -LEADER
campo de control de longitud fija 00963nam a2200217 i 4500
001 - NÚMERO DE CONTROL
campo de control 189484
003 - IDENTIFICADOR DE NÚMERO DE CONTROL
campo de control SpMaBN
005 - FECHA Y HORA DE LA ÚLTIMA TRANSACCIÓN
campo de control 20230906223502.0
008 - DATOS DE LONGITUD FIJA--INFORMACIÓN GENERAL
campo de control de longitud fija 190604q19871988sp a |||| | spa d
080 ## - NÚMERO DE LA CLASIFICACIÓN DECIMAL UNIVERSAL
Número de la Clasificación Decimal Universal 75 Colmeiro, Manuel
100 1# - ENTRADA PRINCIPAL--NOMBRE DE PERSONA
Nombre de persona Martínez-Barbeito, Carlos,
Fechas asociadas al nombre 1913-1997
9 (RLIN) 77884
245 10 - MENCIÓN DEL TÍTULO
Título Sobre el pintor Manuel Colmeiro /
Mención de responsabilidad, etc. Carlos Martínez-Barbeito.
260 ## - PUBLICACIÓN, DISTRIBUCIÓN, ETC.
Lugar de publicación, distribución, etc. [La Coruña :
Nombre del editor, distribuidor, etc. Real Academia Gallega de Bellas Artes de Nuestra Señora del Rosario,
Fecha de publicación, distribución, etc. 1987-1988]
300 ## - DESCRIPCIÓN FÍSICA
Extensión P. [115]-121, [7] p. de lám. ;
Dimensiones 25 cm.
594 ## - Nota al título y mención de responsabilidad
Nota al título y mención de responsabilidad Datos tomados de cub.
595 ## -
-- Separata de: Abrente, publicación de la Real Academia de Bellas Artes de Nuestra Señora del Rosario, n. 19-20, 1987-1988.
600 17 - PUNTO DE ACCESO ADICIONAL DE MATERIA--NOMBRE DE PERSONA
Nombre de persona Colmeiro, Manuel (
Fechas asociadas al nombre 1901-1999)
9 (RLIN) 39769
710 2# - ENTRADA AGREGADA--NOMBRE DE ENTIDAD CORPORATIVA
Nombre de entidad corporativa o nombre de jurisdicción como elemento de entrada Real Academia Gallega de Bellas Artes de Nuestra Señora del Rosario.
9 (RLIN) 153117
852 ## - LOCALIZACIÓN
Ubicación ES-MaACL
Número de control de estantería 2340-F-35
Nota libre . - Dedicatoria autógrafa del autor
Holdings
Estatus retirado Estado de pérdida Estado de daño No para préstamo Colección Biblioteca de origen Biblioteca actual Ubicación en estantería Fecha de adquisición Fuente de adquisición Total de préstamos Signatura topográfica completa Código de barras Visto por última vez Precio de reemplazo Tipo de ítem Koha
        Colección de folletos Biblioteca del Ateneo de Madrid Biblioteca del Ateneo de Madrid Depósito folletos 04/06/2019     2340-F-35 1200771 23/02/2023 23/02/2023 Folleto